Kisah wali-wali Allah (1) (Record no. 3447)

MARC details
000 -LEADER
fixed length control field 00700nam a2200253 i 4500
001 - CONTROL NUMBER
control field C2-0014131
003 - CONTROL NUMBER IDENTIFIER
control field PPAK
005 - DATE AND TIME OF LATEST TRANSACTION
control field 20190630221926.0
008 - FIXED-LENGTH DATA ELEMENTS--GENERAL INFORMATION
fixed length control field 970130s my |||| ||||| | may d
020 ## - INTERNATIONAL STANDARD BOOK NUMBER
International Standard Book Number 9838380717
040 ## - CATALOGING SOURCE
Original cataloging agency PPAK
Language of cataloging eng
Transcribing agency PPAK
Description conventions rda
082 04 - DEWEY DECIMAL CLASSIFICATION NUMBER
Classification number 297.4
Edition number 23
090 00 - LOCALLY ASSIGNED LC-TYPE CALL NUMBER (OCLC); LOCAL CALL NUMBER (RLIN)
Classification number (OCLC) (R) ; Classification number, CALL (RLIN) (NR) 297.4
Feature heading ASY
Feature heading G
100 1# - MAIN ENTRY--PERSONAL NAME
Personal name Asy-Syafii, Abdullah bin As'ad Ali,
Relator term author
245 10 - TITLE STATEMENT
Title Kisah wali-wali Allah (1)
264 #1 - PRODUCTION, PUBLICATION, DISTRIBUTION, MANUFACTURE, AND COPYRIGHT NOTICE
Place of production, publication, distribution, manufacture Kuala Lumpur :
Name of producer, publisher, distributor, manufacturer Syarikat Nurulhas ,
Date of production, publication, distribution, manufacture, or copyright notice [date of publication not identified]
300 ## - PHYSICAL DESCRIPTION
Extent 216 pages ;
Dimensions 19 cm
336 ## - CONTENT TYPE
Source rdacontent
Content type term text
337 ## - MEDIA TYPE
Source rdamedia
Media type term unmediated
338 ## - CARRIER TYPE
Source rdacarrier
Carrier type term volume
500 ## - GENERAL NOTE
General note Jilid 1
650 10 - SUBJECT ADDED ENTRY--TOPICAL TERM
Topical term or geographic name entry element Sufism
942 ## - ADDED ENTRY ELEMENTS (KOHA)
-- dc
Koha item type Book
Holdings
Withdrawn Not for loan Current library Shelving location Date acquired Full call number Barcode Date last seen Koha item type
    Perpustakaan Langkawi Pinjaman Dewasa 18/01/2005 297.4 ASY A00347642 08/05/2018 Book